000 03337cam a22002054a 4500
005 20250605163319.0
008 250528s ||||||||||||||||||||||||d
035 _a16682
020 _a9603510661
040 _aGR-AtMCL
_bgre
_dGR-AtMCL
_eAACR2
245 1 _aΕλεγκτική / Θεωρία και Πρακτική
260 _bΣταμούλης Α,
_c1995
300 _a485
505 0 _aΠρόλογος, Η Φύση και το Αντικείμενο της Ελεγκτικής, Η Κοινωνική Ευθύνη και Υποχρέωση του Ορκωτού Ελεγκτή, Προγραμματισμός και Επάνδρωση και Προετοιμασία Ελέγχου, Αξιολόγηση του Συστήματος Εσωτερικής Οργάνωσης και Ελέγχου (Internal Control), Ελεγκτικά Τεκμήρια και Τεκμηρίωση του Ελέγχου, Δειγματοληπτικός Έλεγχος, Ελεγκτική και Μηχανογράφηση, Έλεγχος ωΤαμειακών Στοιχείων και Χρεόγραφων, Έλεγχος Κυκλωμάτων Πελατών και Πωλήσεων, Έλεγχος Αποθεμάτων, Έλεγχος Υποχρεώσεων και Αγορών και Προμηθευτών, Έλεγχος Παγίων και Λοιπών Κεφαόποιημένων Δαπανών, Έλεγχος Αμοιβών Προσωπικού και Επικουρικών Ταμείων - Διάφορα Έξοδα και Έσοδα, Έλεγχος Λογαριασμών Κεφαλαίων και Προβλέψεων, Ολοκλήρωση και Ανασκόπηση Ελέγχου, Εκθέσεις και Πιστοποιητικά Ελέγχου, Παράρτημα, Βιβλιογραφία.
520 _aΠρόλογος, Η Φύση και το Αντικείμενο της Ελεγκτικής, Η Κοινωνική Ευθύνη και Υποχρέωση του Ορκωτού Ελεγκτή, Προγραμματισμός και Επάνδρωση και Προετοιμασία Ελέγχου, Αξιολόγηση του Συστήματος Εσωτερικής Οργάνωσης και Ελέγχου (Internal Control), Ελεγκτικά Τεκμήρια και Τεκμηρίωση του Ελέγχου, Δειγματοληπτικός Έλεγχος, Ελεγκτική και Μηχανογράφηση, Έλεγχος ωΤαμειακών Στοιχείων και Χρεόγραφων, Έλεγχος Κυκλωμάτων Πελατών και Πωλήσεων, Έλεγχος Αποθεμάτων, Έλεγχος Υποχρεώσεων και Αγορών και Προμηθευτών, Έλεγχος Παγίων και Λοιπών Κεφαόποιημένων Δαπανών, Έλεγχος Αμοιβών Προσωπικού και Επικουρικών Ταμείων - Διάφορα Έξοδα και Έσοδα, Έλεγχος Λογαριασμών Κεφαλαίων και Προβλέψεων, Ολοκλήρωση και Ανασκόπηση Ελέγχου, Εκθέσεις και Πιστοποιητικά Ελέγχου, Παράρτημα, Βιβλιογραφία.
700 1 _aΚάντζος Κωνσταντίνος
942 _cBK
999 _c2157
_d2157